Led Zeppelin Songs - Statistics

General Stats
  • This quiz has been taken 54 times
  • The average score is 27 of 50
Answer Stats
Number of words First Initial Answer % Correct
3 S Stairway to Heaven
92%
1 K Kashmir
85%
3 W Whole lotta Love
85%
2 B Black Dog
82%
2 I Immigrant Song
79%
4 W When the Levee Breaks
79%
3 D Dazed and Confused
77%
3 A Achilles’ Last Stand
72%
3 G Going to California
72%
2 R Ramble On
72%
2 D Dy'er Maker
69%
4 G Good Times Bad Times
69%
5 B Babe, I'm Gonna Leave You
67%
2 N No Quarter
67%
6 O Over the Hills and Far Away
67%
3 R Rock and Roll
67%
4 F Fool in the Rain
64%
1 H Heartbreaker
62%
4 H Houses of the Holy
59%
2 C Communication Breakdown
56%
2 T The Ocean
56%
5 T The Song Remains the same
56%
2 G Gallows Pole
54%
3 T The Rain Song
54%
2 D Dancing Days
51%
5 S Since I've been loving you
51%
4 T The Battle of Evermore
51%
7 W What is and What Should Never Be
51%
5 Y Your Time is Gonna Come
49%
4 A All of my love
46%
2 C Celebration Day
46%
1 F Friends
46%
3 I In the Evening
46%
2 C Custard Pie
44%
5 I In my Time of Dying
44%
2 T The Rover
44%
2 F Four Sticks
41%
3 T Ten years gone
41%
3 T Thats the Way
41%
4 N Nobody's Fault but Mine
38%
4 H How many more Times
36%
2 T Trampled underfoot
36%
3 Y You Shook me
36%
4 B Bring it on Home
33%
3 T The Wanton Song
33%
2 B Bron-Y-Aur Stomp
31%
6 H Hey Hey What Can I Do
31%
3 I In the Light
28%
4 O Out on the tiles
28%
3 M Misty Mountain Top
3%
No matching quizzes found
Score Distribution
Percent of People with Each Score
Percentile by Number Answered
Your Score History
You have not taken this quiz